1153 1753 1162 1706 1374 1456 1350 1910 1618 1270 1761 1976 1637 1479 1408 1442 1636 1311 1366 1187 1115 1470 1454 1091 1656 1079 1647 1737 1089 1881 1170 1059 1517 1604 1388 1623 1434 1970 1472 1960 1422 1545 1093 1353 1498 1681 1556 1475 1110 1957 1871 1001 1673 1192 1031 1272 1191 1523 1099 1468 1109 1267 1889 1739 1822 1498 1276 1998 1471 1093 1342 1957 1183 1819 1355 1881 1435 1129 1890 1324 1564 1405 1323 1790 1592 1298 1248 1468 1734 1714 1573 1552 1742 1333 1550 1343 1480 1955 1150 BCNSPRNW ULIB Ver.6.0+V

เปลี่ยนเป็นภาษาไทย

Change to English
 แสดงรายละเอียดบรรณานุกรม
  กลับหน้าหลัก

Brief Record : Get Marc (ISO 2709) : E-mail record : QR code < ปิดหน้าต่าง
LEADER : 00000nam 2200000uu 4500
001    13399111834
003     ULIB
008    110627s||||||||th 000 0 tha d
020    9786167081571
090    นว.^bอ427ส มปป.
100 0  อลิลศรา
245 00 เสน่ห์าในเพลิงทราย/^cอลิลศรา
250    พิมพ์ครั้งที่ 1
260    กรุงเทพฯ :^bกรีนมายด์,^cมปป.
300    288 หน้า
710 1  กรีนมายด์
945    ^p199^l0^i028041
995    ทศพร
999 ^a ใช้งานได้ทุกระบบ
รายการนี้ยังไม่มีแท็ก
คุณยังไม่ได้ล็อกอิน คุณสามารถมีกิจกรรมร่วมกับเว็บไซต์ได้ แต่ต้องล็อกอินก่อน ::
  ล็อกอิน

รายการสื่อสารสนเทศ

ลำดับที่ ประเภท เลขเรียก/บาร์โค้ด สถานที่ สถานะ
- ไม่พบข้อมูล -

รายการใกล้เคียง
    ผู้แต่ง [อลิลศรา]

BibComment


ยังไม่เคยถูกคอมเมนท์

คอมเมนท์ทรัพยากรรายการนี้
  คอมเมนท์: เสน่ห์าในเพลิงทรา..


 Copyright 2026. Bcnsprnw @Library